000 00755na a2200277 4500
999 _c13077
_d13077
001 21519
003 MIRAKIL
005 20190327120850.0
008 170205b tu 000 0
020 _a9786055539245
040 _aMilas
_btur
_cTR-AnCHP
041 _atur
082 _a338.91
_bA92t 2010
090 _a338.91 A92t 2010
100 _aAydın, Nurullah
245 _aTürkiye'nin yeni yol haritası
_cNurullah Aydın, ed. M. Murat Sezer
260 _aİstanbul
_bParaf Yayınları
_c2010
300 _a624 s.
_c21 sm.
490 _aParaf yayınları
_v134
504 _aKaynakça var.
650 _aKüreselleşme
_vSiyasal açı
_zTürkiye
700 _aSezer, M. Murat
942 _cBKS
_2ddc
999 _d13077
999 _d4530